000 00782nam a2200265Ia 4500
001 Para_4593
003 CHAP
008 220125s1895 xx 000 0 und d
010 _a203074
040 _cCHAP
090 _aPA FOLLETO 1932
100 _aWashburn, F. L.
_9121130
245 _aWork with a combined fungicide and insecticide in 1894-95 /
_c F. L. Washburn
260 _aCorvallis, Oregon :
_b Agricultural Experiment Station
300 _a26 p.
440 _aOregon Agri. Exp. Sta. Bull; 38
_9168664
650 _aFruta
_x Plagas Insecticidas Fungicidas
_9168665
901 _aPA FOLLETO 1932
902 _aA
905 _a0000001895 COR 0000000000 00
910 _a1895
942 _cPARA
942 _cPARA
_d1
999 _c203074
_d203074